[Event "WLS-chB 68th"]
[Site "Cardiff"]
[Date "2024.03.29"]
[Round "2"]
[White "Prabhu, Vismith"]
[Black "Watkins, Peter"]
[Result "1-0"]
[WhiteElo "1590"]
[BlackElo "1747"]
[PlyCount "43"]
[EventDate "2024.03.29"]
[EventType "swiss"]
[EventRounds "7"]
[EventCountry "WLS"]
[SourceTitle "CBM 219 Extra"]
[Source "ChessBase"]
[SourceDate "2024.05.31"]
[SourceVersion "1"]
[SourceVersionDate "2024.05.31"]
[SourceQuality "1"]

1. d4 d5 2. c4 e6 3. Nc3 Nf6 4. cxd5 exd5 5. Bg5 Be7 6. e3 c6 7. Bd3 Nbd7 8. Nge2 0-0 9. Qc2 Re8 10. f3 Nf8 11. 0-0 h6 12. Bh4 N6h7 13. Bf2 Bd6 14. Rad1 Qc7 15. h3 Bd7 16. e4 Be6 17. e5 Be7 18. f4 f5 19. Bxf5 Qd7 20. Ng3 Rac8 21. Bxh7+ Nxh7 22. f5 1-0

[Event "South Wales Challengers"]
[Site "Bridgend"]
[Date "2019.07.11"]
[Round "6"]
[White "Watkins, Peter"]
[Black "Jones, Jeremy"]
[Result "1/2-1/2"]
[WhiteElo "1445"]
[BlackElo "1457"]
[PlyCount "87"]
[EventDate "2019.07.07"]
[EventType "swiss"]
[EventRounds "6"]
[EventCountry "WLS"]
[SourceTitle "EXT 2020"]
[Source "ChessBase"]
[SourceDate "2019.10.17"]
[SourceVersion "1"]
[SourceVersionDate "2019.10.17"]
[SourceQuality "1"]

1. e4 e5 2. Nf3 Nc6 3. Bb5 a6 4. Bxc6 dxc6 5. 0-0 Bg4 6. h3 Bh5 7. d3 f6 8. Nbd2 Bd6 9. Nc4 Qe7 10. Nxd6+ cxd6 11. c3 g5 12. Re1 0-0-0 13. d4 Bg6 14. Nh2 h5 15. f3 Qh7 16. Be3 Kb8 17. dxe5 dxe5 18. Qb3 Ne7 19. Rad1 Nc8 20. Qe6 Qf7 21. Qxf7 Bxf7 22. b3 Kc7 23. Nf1 Nd6 24. c4 Rhe8 25. Rd2 Nc8 26. Red1 Rd6 27. Ng3 Red8 28. Kf2 Rxd2+ 29. Rxd2 Rxd2+ 30. Bxd2 c5 31. Nf5 Be6 32. Ne3 h4 33. Nd5+ Bxd5 34. exd5 b5 35. Ke3 bxc4 36. bxc4 Nd6 37. Kd3 Kb6 38. Be1 Nf5 39. Ke4 Nd6+ 40. Kd3 a5 41. g3 hxg3 42. Bxg3 Nf5 43. Bf2 a4 44. Kc3 1/2-1/2

[Event "South Wales Challengers"]
[Site "Bridgend"]
[Date "2019.07.10"]
[Round "5"]
[White "Davies, Gareth"]
[Black "Watkins, Peter"]
[Result "0-1"]
[WhiteElo "1305"]
[BlackElo "1445"]
[PlyCount "72"]
[EventDate "2019.07.07"]
[EventType "swiss"]
[EventRounds "6"]
[EventCountry "WLS"]
[SourceTitle "EXT 2020"]
[Source "ChessBase"]
[SourceDate "2019.10.17"]
[SourceVersion "1"]
[SourceVersionDate "2019.10.17"]
[SourceQuality "1"]

1. d4 Nf6 2. Bg5 e6 3. Nd2 Be7 4. e4 d5 5. e5 Nfd7 6. Bxe7 Qxe7 7. Ngf3 c5 8. c3 Nc6 9. Be2 0-0 10. 0-0 cxd4 11. cxd4 b6 12. Rc1 Bb7 13. a3 Rfc8 14. Nb1 Na5 15. Rc3 Rxc3 16. Nxc3 a6 17. Qb1 Rc8 18. Bd3 g6 19. Rd1 b5 20. Na2 Nb6 21. Nb4 Nac4 22. Nc2 Nd7 23. b4 Ndb6 24. h3 Na4 25. Qb3 Ncb6 26. Nfe1 Rc3 27. Qa2 Qc7 28. Qa1 Rb3 29. Rb1 Rxb1 30. Qxb1 Qc3 31. Qa1 Nc4 32. Qxc3 Nxc3 33. Bxc4 dxc4 34. f4 Ne2+ 35. Kf2 Nxf4 36. Nf3 Kg7 0-1

[Event "WLS-ch Major 65th"]
[Site "Cardiff"]
[Date "2019.04.22"]
[Round "6"]
[White "Watkins, Peter"]
[Black "Hurn, Robert AJ"]
[Result "1/2-1/2"]
[WhiteElo "1570"]
[BlackElo "1623"]
[PlyCount "57"]
[EventDate "2019.04.19"]
[EventType "swiss"]
[EventRounds "7"]
[EventCountry "WLS"]
[SourceTitle "CBM 190 Extra"]
[Source "ChessBase"]
[SourceDate "2019.07.15"]
[SourceVersion "1"]
[SourceVersionDate "2019.07.15"]
[SourceQuality "1"]

1. Nf3 Nf6 2. g3 g6 3. Bg2 Bg7 4. 0-0 0-0 5. d3 d6 6. Nbd2 Nc6 7. e4 e5 8. c3 Nh5 9. Re1 Kh8 10. Nf1 f5 11. Bg5 Bf6 12. Bxf6+ Qxf6 13. exf5 Bxf5 14. Ne3 Be6 15. Qd2 Rf7 16. h3 Ne7 17. Ng4 Qg7 18. Ng5 Bd5 19. Nxf7+ Qxf7 20. Bxd5 Qxd5 21. Qe2 Rf8 22. Qe4 Qb5 23. Qe2 Nf5 24. d4 Qb6 25. Nxe5 dxe5 26. Qxe5+ Nhg7 27. Qc5 Qf6 28. Qe5 Qb6 29. Qc5 1/2-1/2

[Event "Dyfed op 48th"]
[Site "Fishguard"]
[Date "2019.02.23"]
[Round "2.20"]
[White "Philpin, Les"]
[Black "Watkins, Peter"]
[Result "1-0"]
[WhiteElo "1702"]
[BlackElo "1581"]
[PlyCount "109"]
[EventDate "2019.02.22"]
[EventType "swiss"]
[EventRounds "5"]
[EventCountry "WLS"]
[SourceTitle "EXT 2020"]
[Source "ChessBase"]
[SourceDate "2019.10.17"]
[SourceVersion "1"]
[SourceVersionDate "2019.10.17"]
[SourceQuality "1"]

1. d4 Nf6 2. Nf3 e6 3. Bf4 c5 4. c3 Nc6 5. e3 d5 6. Be2 Be7 7. Nbd2 cxd4 8. exd4 Bd7 9. h3 0-0 10. Qc2 Rc8 11. Qd3 h6 12. Ne5 Re8 13. Qg3 Ne4 14. Nxe4 dxe4 15. Bxh6 Bf8 16. Be3 Nxe5 17. Qxe5 Bc6 18. Bf4 Qd5 19. h4 f6 20. Qxd5 exd5 21. Bh5 Red8 22. Bg6 Be8 23. h5 Rc6 24. Bxe8 Rxe8 25. Ke2 Bd6 26. Be3 f5 27. Rh3 f4 28. Bd2 Bc7 29. Rah1 Ree6 30. Rh4 Rf6 31. Rg4 Rce6 32. Rg5 f3+ 33. Kf1 fxg2+ 34. Kxg2 Rd6 35. Rh3 Kh7 36. Rhg3 Rd7 37. R3g4 Rdf7 38. Be3 Rd7 39. Rg6 Rxg6 40. hxg6+ Kg8 41. Kh3 Bd8 42. Bg5 Bf6 43. Kh4 Re7 44. Rf4 Bxg5+ 45. Kxg5 e3 46. fxe3 Rxe3 47. Rf5 Rg3+ 48. Kf4 Rxg6 49. Rxd5 Rg2 50. Rb5 b6 51. a4 Re2 52. c4 Kf8 53. b3 Re6 54. Rf5+ Ke7 55. Re5 1-0

[Event "South Wales op 15th"]
[Site "Cardiff"]
[Date "2018.07.12"]
[Round "9"]
[White "Calist, Aron"]
[Black "Watkins, Peter"]
[Result "1/2-1/2"]
[WhiteElo "1466"]
[BlackElo "1400"]
[PlyCount "52"]
[EventDate "2018.07.07"]
[EventType "swiss"]
[EventRounds "9"]
[EventCountry "WLS"]
[SourceTitle "EXT 2019"]
[Source "ChessBase"]
[SourceDate "2018.10.10"]
[SourceVersion "1"]
[SourceVersionDate "2018.10.10"]
[SourceQuality "1"]

1. e4 e6 2. d4 d5 3. Nc3 Nf6 4. Bg5 Be7 5. Bd3 dxe4 6. Bxe4 Nxe4 7. Bxe7 Qxe7 8. Nxe4 Nd7 9. Nf3 Nf6 10. Nc3 Bd7 11. 0-0 0-0 12. Re1 Qd8 13. Qd3 a6 14. Rad1 Re8 15. Rd2 Bc6 16. Red1 Bxf3 17. Qxf3 c6 18. Re2 Qc7 19. Ne4 Nxe4 20. Rxe4 Rad8 21. Rh4 Rd5 22. Qh3 h6 23. Rd3 Qa5 24. g4 Qe1+ 25. Kg2 Qe4+ 26. Kg1 Qe1+ 1/2-1/2

[Event "South Wales Summer Major op"]
[Site "Penarth"]
[Date "2017.09.03"]
[Round "5"]
[White "Watkins, Peter"]
[Black "Chung, Joel"]
[Result "1-0"]
[WhiteElo "1314"]
[BlackElo "1171"]
[PlyCount "55"]
[EventDate "2017.09.01"]
[EventType "swiss"]
[EventRounds "5"]
[EventCountry "WLS"]
[SourceTitle "EXT 2020"]
[Source "ChessBase"]
[SourceDate "2019.10.17"]
[SourceVersion "1"]
[SourceVersionDate "2019.10.17"]
[SourceQuality "1"]

1. e4 e5 2. Nf3 Nc6 3. Bb5 Bc5 4. c3 a6 5. Ba4 b5 6. Bc2 Bb7 7. 0-0 Nce7 8. d4 exd4 9. cxd4 Bb6 10. Re1 d6 11. Nc3 Qb8 12. a3 Qa7 13. Be3 0-0-0 14. d5 c6 15. Bxb6 Qxb6 16. dxc6 Bxc6 17. Rc1 Nf6 18. Bb3 Rhf8 19. Nd5 Qb7 20. Nxe7+ Qxe7 21. Rxc6+ Kb7 22. Bd5 Rfe8 23. Rxd6+ Kc7 24. Rxd8 Rxd8 25. Qc2+ Kb8 26. Qc6 g5 27. Qb6+ Kc8 28. Rc1+ 1-0

[Event "WLS-ch Minor"]
[Site "Cardiff"]
[Date "2017.04.16"]
[Round "5"]
[White "Watkins, Peter"]
[Black "Davies, Gareth"]
[Result "1/2-1/2"]
[WhiteElo "1390"]
[BlackElo "1340"]
[PlyCount "62"]
[EventDate "2017.04.14"]
[EventType "swiss"]
[EventRounds "7"]
[EventCountry "WLS"]
[SourceTitle "EXT 2022"]
[Source "ChessBase"]
[SourceDate "2021.10.06"]
[SourceVersion "1"]
[SourceVersionDate "2021.10.06"]
[SourceQuality "1"]

1. e4 Nf6 2. e5 Nd5 3. d4 d6 4. Nf3 dxe5 5. Nxe5 g6 6. Be2 Bg7 7. 0-0 0-0 8. c4 Nf6 9. Nc3 c6 10. Bg5 Nbd7 11. Qc1 Nb6 12. Qe3 Re8 13. Rad1 Be6 14. b3 Qc8 15. Qf3 Nbd7 16. Bxf6 Nxf6 17. Ne4 Nxe4 18. Qxe4 f5 19. Qc2 Bf6 20. f4 Rd8 21. c5 Bd5 22. Bc4 e6 23. Bxd5 exd5 24. Rfe1 Re8 25. Qf2 Qc7 26. g3 Re7 27. Nf3 Rae8 28. Rxe7 Rxe7 29. Re1 Rxe1+ 30. Qxe1 Qe7 31. Qxe7 Bxe7 1/2-1/2

[Event "WLS-ch Minor"]
[Site "Cardiff"]
[Date "2017.04.14"]
[Round "3"]
[White "Rees, Morgan"]
[Black "Watkins, Peter"]
[Result "1-0"]
[WhiteElo "1234"]
[BlackElo "1390"]
[PlyCount "73"]
[EventDate "2017.04.14"]
[EventType "swiss"]
[EventRounds "7"]
[EventCountry "WLS"]
[SourceTitle "EXT 2022"]
[Source "ChessBase"]
[SourceDate "2021.10.06"]
[SourceVersion "1"]
[SourceVersionDate "2021.10.06"]
[SourceQuality "1"]

1. e4 e5 2. Nf3 Nc6 3. Bb5 a6 4. Ba4 Nf6 5. Nc3 d6 6. d4 Bd7 7. d5 Nb8 8. Bxd7+ Nbxd7 9. 0-0 Be7 10. Re1 0-0 11. a4 Re8 12. a5 Nf8 13. Nb1 Ng6 14. g3 b5 15. axb6 cxb6 16. c4 Qc7 17. Na3 Nd7 18. b4 Rec8 19. Be3 Qd8 20. Qd3 a5 21. bxa5 bxa5 22. Reb1 Nc5 23. Bxc5 Rxc5 24. Rb7 a4 25. Rab1 h6 26. R1b6 Rc7 27. Qb1 Rxb7 28. Rxb7 Kf8 29. Qb5 Qe8 30. Qc6 Rb8 31. Ra7 Qxc6 32. dxc6 d5 33. Rxa4 dxe4 34. Nh4 Rc8 35. Nf5 Bxa3 36. Rxa3 Ne7 37. Nd6 1-0

[Event "WLS-chT 0708"]
[Site "Wales"]
[Date "2007.12.13"]
[Round "3"]
[White "Garcia, Jason"]
[Black "Watkins, Peter"]
[Result "1-0"]
[WhiteElo "1948"]
[BlackElo "1513"]
[PlyCount "69"]
[EventDate "2007.10.07"]
[EventType "team-swiss"]
[EventRounds "7"]
[EventCountry "WLS"]
[SourceTitle "EXT 2010"]
[Source "ChessBase"]
[SourceDate "2010.11.25"]
[SourceVersion "1"]
[SourceVersionDate "2010.11.25"]
[SourceQuality "1"]

1. e4 e6 2. Nf3 d5 3. e5 c5 4. b4 Bd7 5. bxc5 Bxc5 6. d4 Be7 7. c3 Nc6 8. Bd3 Qc7 9. 0-0 f5 10. exf6 Nxf6 11. Re1 0-0 12. Bc2 e5 13. dxe5 Ng4 14. Qxd5+ Kh8 15. h3 Nh6 16. Bxh6 gxh6 17. e6 Be8 18. Nbd2 Rd8 19. Qc4 Rf4 20. Re4 Rxe4 21. Bxe4 Bg6 22. Re1 Bf6 23. Bxg6 hxg6 24. Qg4 Ne7 25. Ne4 h5 26. Qg3 Qxg3 27. fxg3 Bg7 28. Rb1 b6 29. c4 Bd4+ 30. Kf1 Bg7 31. Ke2 Nf5 32. Rb5 Nd4+ 33. Nxd4 Rxd4 34. Kf3 Rxc4 35. e7 1-0